Najdrożsi piłkarze każdego klubu Ekstraklasy (Stan na 26.02) - Statystyki

Ogólne statystyki
  • Ten quiz został rozwiązany 117 razy
  • Średni wynik to 4 z 16
Statystyki odpowiedzi
Klub Wartość Zawodnik % Poprawnych
Legia Warszawa 5mln € Radosław Majecki
89%
Lech Poznań 4,25mln € Robert Gumny
76%
Wisła Płock 1,25mln € Dominik Furman
49%
Zagłębie Lubin 1,5mln € Bartosz Slisz
35%
Piast Gliwice 1mln € Jorge Félix
25%
Lechia Gdańsk 1,5mln € Karol Fila
18%
Arka Gdynia 1,10mln € Marko Vejinović
16%
Raków Częstochowa 650tys. € Jarosław Jach
15%
Pogoń Szczecin 1mln € Zvonimir Kozulj
11%
Korona Kielce 1mln € Adnan Kovacevic
8%
Jagiellonia Białystok 2mln € Jakov Puljic
5%
Górnik Zabrze 1,75mln € Roman Prochazka
5%
Cracovia 1,25mln € David Jablonsky
4%
Wisła Kraków 800tys. € Alon Turgeman
3%
ŁKS Łódź 500tys. € Carlos Moros Gracia
3%
Śląsk Wrocław 1mln € Guillermo Cotugno
0%
Nie znaleziono quizów pasujących do podanych kryteriów
Rozkład punktacji
Procent ludzi z każdym wynikiem
Percentyl według liczby udzielonych odpowiedzi
Twoja historia wyników
Nie rozwiązałeś tego quizu